[Event "Rapid 2018"]
[Site "Saint-Petersburg"]
[Date "2018.12.28"]
[Round "11"]
[Board "89"]
[White "Mamatov Melis (KGZ)"]
[Black "Vaisser Anatoli (FRA)"]
[Result "0-1"]
[BlackElo "2530"]
[WhiteElo "2234"]
[LiveChessVersion "1.4.8"]

1. e4 {[%clk 0:15:18]} e6 {[%clk 0:15:18]} 2. d4 {[%clk 0:15:25]} d5
{[%clk 0:15:22]} 3. Nd2 {[%clk 0:15:34]} c5 {[%clk 0:15:31]} 4. Ngf3
{[%clk 0:15:35]} Nc6 {[%clk 0:15:38]} 5. exd5 {[%clk 0:15:40]} exd5
{[%clk 0:15:43]} 6. Bb5 {[%clk 0:15:35]} cxd4 {[%clk 0:15:48]} 7. O-O
{[%clk 0:15:27]} Bd6 {[%clk 0:15:53]} 8. Nb3 {[%clk 0:15:18]} Nge7
{[%clk 0:15:59]} 9. Bg5 {[%clk 0:14:34]} O-O {[%clk 0:15:56]} 10. Nbxd4
{[%clk 0:14:28]} Qb6 {[%clk 0:14:55]} 11. Bd3 {[%clk 0:08:46]} Ng6
{[%clk 0:11:30]} 12. Nf5 {[%clk 0:07:19]} Bc5 {[%clk 0:10:12]} 13. Rb1
{[%clk 0:06:50]} Re8 {[%clk 0:08:45]} 14. c3 {[%clk 0:06:15]} a5 {[%clk 0:07:42]}
15. Be3 {[%clk 0:05:49]} Bxf5 {[%clk 0:07:17]} 16. Bxc5 {[%clk 0:05:54]} Qxc5
{[%clk 0:07:24]} 17. Bxf5 {[%clk 0:06:03]} Rad8 {[%clk 0:06:26]} 18. Nd4
{[%clk 0:04:44]} Nxd4 {[%clk 0:06:33]} 19. cxd4 {[%clk 0:04:53]} Qb6
{[%clk 0:06:16]} 20. Qd2 {[%clk 0:04:34]} Ne7 {[%clk 0:06:17]} 21. Bc2
{[%clk 0:04:19]} Nc6 {[%clk 0:06:03]} 22. Ba4 {[%clk 0:03:33]} Re4
{[%clk 0:05:43]} 23. Bxc6 {[%clk 0:02:02]} Rxd4 {[%clk 0:05:50]} 24. Qe3
{[%clk 0:01:38]} bxc6 {[%clk 0:05:55]} 25. Rbc1 {[%clk 0:01:37]} c5
{[%clk 0:03:58]} 26. Rc2 {[%clk 0:01:46]} h6 {[%clk 0:02:43]} 27. Rfc1
{[%clk 0:01:17]} Rb8 {[%clk 0:02:30]} 28. h3 {[%clk 0:00:56]} c4 {[%clk 0:02:33]}
29. Qe5 {[%clk 0:00:17]} Rd8 {[%clk 0:01:56]} 30. Qe3 {[%clk 0:00:16]} Qf6
{[%clk 0:01:44]} 31. b3 {[%clk 0:00:11]} Rd3 {[%clk 0:01:33]} 32. Qc5
{[%clk 0:00:11]} cxb3 33. axb3 Rxb3 {[%clk 0:01:04]} 34. Qxa5 {[%clk 0:00:18]} d4
{[%clk 0:00:56]} 35. Rc6 {[%clk 0:00:16]} Qe7 {[%clk 0:00:43]} 36. Rc8
{[%clk 0:00:22]} Rxc8 {[%clk 0:00:42]} 37. Rxc8+ {[%clk 0:00:30]} Kh7
{[%clk 0:00:51]} 38. Rd8 {[%clk 0:00:14]} Qf6 {[%clk 0:00:32]} 39. Rd5
{[%clk 0:00:11]} Rb1+ {[%clk 0:00:32]} 0-1

[Event "Rapid 2018"]
[Site "Saint-Petersburg"]
[Date "2018.12.28"]
[Round "11"]
[Board "90"]
[White "Mikhalevski Victor (ISR)"]
[Black "Chen Qi B (CHN)"]
[Result "1-0"]
[BlackElo "2258"]
[WhiteElo "2516"]
[LiveChessVersion "1.4.8"]

1. Nf3 {[%clk 0:15:15]} Nf6 {[%clk 0:15:18]} 2. d4 {[%clk 0:15:23]} g6
{[%clk 0:15:19]} 3. g3 {[%clk 0:15:29]} Bg7 {[%clk 0:15:28]} 4. Bg2
{[%clk 0:15:38]} O-O {[%clk 0:15:35]} 5. O-O {[%clk 0:15:46]} d6 {[%clk 0:15:44]}
6. b3 {[%clk 0:15:49]} e5 {[%clk 0:15:29]} 7. dxe5 {[%clk 0:15:54]} dxe5
{[%clk 0:15:37]} 8. Ba3 {[%clk 0:15:56]} Re8 {[%clk 0:15:24]} 9. Qxd8
{[%clk 0:15:43]} Rxd8 {[%clk 0:15:33]} 10. Nc3 {[%clk 0:15:50]} Nc6
{[%clk 0:15:12]} 11. Rad1 {[%clk 0:14:55]} Bf5 {[%clk 0:13:53]} 12. Nh4
{[%clk 0:14:42]} Be6 {[%clk 0:11:31]} 13. Bxc6 {[%clk 0:12:18]} bxc6
{[%clk 0:11:39]} 14. e4 {[%clk 0:12:25]} Nd7 {[%clk 0:09:10]} 15. f3
{[%clk 0:12:12]} Nb6 {[%clk 0:08:51]} 16. Bc5 {[%clk 0:10:50]} f5
{[%clk 0:07:59]} 17. Ng2 {[%clk 0:09:36]} Kf7 {[%clk 0:07:25]} 18. Kf2
{[%clk 0:09:44]} Nd7 {[%clk 0:05:55]} 19. Be3 {[%clk 0:09:38]} Nb6
{[%clk 0:05:01]} 20. Bg5 {[%clk 0:08:57]} Rxd1 {[%clk 0:04:57]} 21. Rxd1
{[%clk 0:09:02]} Bf8 {[%clk 0:05:00]} 22. Be3 {[%clk 0:08:06]} Bb4
{[%clk 0:04:49]} 23. Rd3 {[%clk 0:08:08]} a6 {[%clk 0:04:21]} 24. Nb1
{[%clk 0:07:05]} a5 {[%clk 0:04:14]} 25. a3 {[%clk 0:06:45]} Be7 {[%clk 0:04:22]}
26. a4 {[%clk 0:06:54]} c5 {[%clk 0:03:56]} 27. c4 {[%clk 0:07:00]} Rb8
{[%clk 0:03:33]} 28. Na3 {[%clk 0:06:53]} c6 {[%clk 0:03:34]} 29. Bd2
{[%clk 0:07:01]} Ra8 {[%clk 0:03:36]} 30. Bc3 {[%clk 0:06:54]} Nd7
{[%clk 0:03:35]} 31. Nb1 {[%clk 0:07:02]} Bd8 {[%clk 0:03:23]} 32. Nd2
{[%clk 0:07:05]} Bc7 {[%clk 0:03:26]} 33. Ne1 {[%clk 0:05:55]} Ke7
{[%clk 0:03:19]} 34. Re3 {[%clk 0:06:02]} f4 {[%clk 0:03:18]} 35. Re2
{[%clk 0:06:06]} g5 {[%clk 0:03:21]} 36. g4 {[%clk 0:06:04]} Rh8 {[%clk 0:03:19]}
37. Kg2 {[%clk 0:06:06]} h5 {[%clk 0:03:27]} 38. h3 {[%clk 0:06:15]} h4
{[%clk 0:03:29]} 39. Nd3 {[%clk 0:06:19]} Rb8 {[%clk 0:03:28]} 40. Kf2
{[%clk 0:06:24]} Ra8 {[%clk 0:03:35]} 41. Ke1 {[%clk 0:06:33]} Rb8
{[%clk 0:03:44]} 42. Kd1 {[%clk 0:06:42]} Ra8 {[%clk 0:03:50]} 43. Kc2
{[%clk 0:06:50]} Rb8 {[%clk 0:03:59]} 44. Nb1 {[%clk 0:06:49]} Ra8
{[%clk 0:04:04]} 45. Bb2 {[%clk 0:06:55]} Rb8 {[%clk 0:04:05]} 46. Nc3
{[%clk 0:07:01]} Bd6 {[%clk 0:04:06]} 47. Rd2 {[%clk 0:06:48]} Rb7
{[%clk 0:04:11]} 48. Ba3 {[%clk 0:06:55]} Rb8 {[%clk 0:04:17]} 49. Nd1
{[%clk 0:06:52]} Rb7 {[%clk 0:04:23]} 50. N1f2 {[%clk 0:06:58]} Rb8
{[%clk 0:04:18]} 51. Nxc5 {[%clk 0:06:59]} Bxc5 {[%clk 0:02:55]} 52. Rxd7+
{[%clk 0:07:07]} Bxd7 {[%clk 0:02:38]} 53. Bxc5+ {[%clk 0:07:16]} Ke6
{[%clk 0:02:48]} 54. Nd3 {[%clk 0:07:20]} Bc8 {[%clk 0:02:34]} 55. Ba3
{[%clk 0:07:25]} Ra8 {[%clk 0:02:35]} 56. Bb2 {[%clk 0:07:33]} Ke7
{[%clk 0:01:24]} 57. Bxe5 {[%clk 0:07:31]} Be6 {[%clk 0:01:33]} 58. Bc3
{[%clk 0:07:00]} Kd6 {[%clk 0:01:34]} 59. Bf6 {[%clk 0:06:44]} Rg8
{[%clk 0:01:43]} 60. Be5+ {[%clk 0:06:40]} Ke7 {[%clk 0:01:45]} 61. Bc7
{[%clk 0:06:48]} Ra8 {[%clk 0:01:49]} 62. Nc5 {[%clk 0:06:50]} Ra7
{[%clk 0:01:31]} 63. Bb6 {[%clk 0:06:37]} Ra8 {[%clk 0:01:38]} 64. Kc3
{[%clk 0:06:29]} Bc8 {[%clk 0:01:28]} 65. Kd4 {[%clk 0:06:29]} Kd6
{[%clk 0:01:28]} 66. Bd8 {[%clk 0:06:27]} Bxg4 {[%clk 0:01:24]} 67. e5#
{[%clk 0:06:35]} 1-0

[Event "Rapid 2018"]
[Site "Saint-Petersburg"]
[Date "2018.12.28"]
[Round "11"]
[Board "91"]
[White "Hirneise Tobias (GER)"]
[Black "Vlassov Nikolai (RUS)"]
[Result "0-1"]
[BlackElo "2492"]
[WhiteElo "2415"]
[LiveChessVersion "1.4.8"]

1. e4 {[%clk 0:15:18]} c5 {[%clk 0:15:19]} 2. Nf3 {[%clk 0:15:26]} d6
{[%clk 0:15:28]} 3. d4 {[%clk 0:15:33]} cxd4 {[%clk 0:15:37]} 4. Nxd4
{[%clk 0:15:42]} Nf6 {[%clk 0:15:47]} 5. Nc3 {[%clk 0:15:51]} g6 {[%clk 0:15:56]}
6. Be3 {[%clk 0:15:54]} Bg7 {[%clk 0:16:05]} 7. f3 {[%clk 0:15:57]} a6
{[%clk 0:16:14]} 8. Qd2 {[%clk 0:16:05]} h5 {[%clk 0:16:22]} 9. Be2
{[%clk 0:16:12]} Nbd7 {[%clk 0:16:30]} 10. O-O {[%clk 0:16:14]} b5
{[%clk 0:16:12]} 11. b4 {[%clk 0:15:47]} Bb7 {[%clk 0:16:07]} 12. a4
{[%clk 0:15:56]} bxa4 {[%clk 0:16:15]} 13. Rxa4 {[%clk 0:16:03]} O-O
{[%clk 0:16:19]} 14. Rfa1 {[%clk 0:16:06]} Qc8 {[%clk 0:16:19]} 15. Nb3
{[%clk 0:14:33]} Ne8 {[%clk 0:14:05]} 16. Bd4 {[%clk 0:14:30]} Ne5
{[%clk 0:13:42]} 17. Na5 {[%clk 0:14:15]} Nc7 {[%clk 0:13:45]} 18. f4
{[%clk 0:12:46]} Ne6 {[%clk 0:13:15]} 19. Bxe5 {[%clk 0:10:46]} dxe5
{[%clk 0:13:21]} 20. f5 {[%clk 0:10:56]} Rd8 {[%clk 0:12:53]} 21. Bd3
{[%clk 0:10:31]} gxf5 {[%clk 0:12:07]} 22. Nxb7 {[%clk 0:10:14]} Qxb7
{[%clk 0:12:04]} 23. Qf2 {[%clk 0:08:57]} Nf4 {[%clk 0:11:10]} 24. Bxa6
{[%clk 0:08:06]} Qc6 {[%clk 0:09:56]} 25. Nd5 {[%clk 0:07:43]} Nxd5
{[%clk 0:07:12]} 26. b5 {[%clk 0:07:21]} Qg6 {[%clk 0:06:48]} 27. exd5
{[%clk 0:07:23]} e4 {[%clk 0:06:41]} 28. Rd1 {[%clk 0:07:13]} Be5
{[%clk 0:05:41]} 29. Qe2 {[%clk 0:06:14]} Kh7 {[%clk 0:05:21]} 30. Rc4
{[%clk 0:05:45]} Rg8 {[%clk 0:05:12]} 31. Re1 {[%clk 0:04:57]} Qg5
{[%clk 0:05:01]} 32. Qf2 {[%clk 0:04:52]} Rg6 {[%clk 0:04:57]} 33. Kh1
{[%clk 0:04:07]} Rag8 {[%clk 0:04:56]} 34. Bc8 {[%clk 0:04:01]} Qxg2+
{[%clk 0:04:24]} 35. Qxg2 {[%clk 0:04:06]} Rxg2 {[%clk 0:04:32]} 36. Bxf5+
{[%clk 0:03:54]} Kh8 {[%clk 0:03:59]} 0-1

[Event "Rapid 2018"]
[Site "Saint-Petersburg"]
[Date "2018.12.28"]
[Round "11"]
[Board "92"]
[White "Dzhumagaliev Yan (RUS)"]
[Black "Yeritsyan Aram (RUS)"]
[Result "1-0"]
[BlackElo "2209"]
[WhiteElo "2485"]
[LiveChessVersion "1.4.8"]

1. d4 {[%clk 0:15:18]} Nf6 {[%clk 0:15:19]} 2. c4 {[%clk 0:15:25]} e6
{[%clk 0:15:28]} 3. g3 {[%clk 0:15:31]} Bb4+ {[%clk 0:15:26]} 4. Bd2
{[%clk 0:15:38]} a5 {[%clk 0:15:35]} 5. Bg2 {[%clk 0:15:17]} O-O {[%clk 0:15:42]}
6. Nf3 {[%clk 0:15:03]} b6 {[%clk 0:15:51]} 7. O-O {[%clk 0:14:22]} Bb7
{[%clk 0:16:00]} 8. Bf4 {[%clk 0:14:04]} Be7 {[%clk 0:14:33]} 9. Nc3
{[%clk 0:13:59]} d6 {[%clk 0:13:56]} 10. Qc2 {[%clk 0:13:54]} Nbd7
{[%clk 0:13:54]} 11. e4 {[%clk 0:13:51]} Nh5 {[%clk 0:13:41]} 12. Be3
{[%clk 0:13:13]} e5 {[%clk 0:13:09]} 13. Rad1 {[%clk 0:13:13]} exd4
{[%clk 0:12:42]} 14. Nxd4 {[%clk 0:13:17]} Re8 {[%clk 0:12:30]} 15. Rfe1
{[%clk 0:09:55]} Bf8 {[%clk 0:12:29]} 16. Ndb5 {[%clk 0:09:37]} Nhf6
{[%clk 0:11:10]} 17. Bf4 {[%clk 0:07:55]} Nh5 {[%clk 0:09:32]} 18. Bc1
{[%clk 0:07:51]} Qb8 19. b3 {[%clk 0:06:22]} c6 {[%clk 0:06:55]} 20. Nd4
{[%clk 0:06:29]} Qc7 {[%clk 0:07:03]} 21. a3 {[%clk 0:05:42]} Rad8
{[%clk 0:06:28]} 22. b4 {[%clk 0:04:40]} axb4 {[%clk 0:06:01]} 23. axb4
{[%clk 0:04:49]} Rc8 {[%clk 0:04:12]} 24. Qb3 {[%clk 0:04:34]} Nhf6
{[%clk 0:04:07]} 25. Bb2 {[%clk 0:04:10]} g6 {[%clk 0:04:01]} 26. h3
{[%clk 0:01:52]} Bg7 {[%clk 0:04:08]} 27. Kh2 {[%clk 0:02:00]} h5
{[%clk 0:04:12]} 28. f4 {[%clk 0:02:09]} h4 {[%clk 0:03:06]} 29. g4
{[%clk 0:02:15]} d5 {[%clk 0:02:44]} 30. e5 {[%clk 0:02:20]} Nxg4+
{[%clk 0:01:03]} 31. hxg4 {[%clk 0:02:22]} dxc4 {[%clk 0:00:52]} 32. Qxc4
{[%clk 0:01:34]} Bxe5 {[%clk 0:01:01]} 33. Nde2 {[%clk 0:00:34]} b5
{[%clk 0:00:34]} 34. Nxb5 {[%clk 0:00:26]} Qd8 {[%clk 0:00:31]} 35. fxe5
{[%clk 0:00:20]} cxb5 {[%clk 0:00:36]} 36. Qd4 {[%clk 0:00:18]} Bxg2
{[%clk 0:00:38]} 37. e6 {[%clk 0:00:25]} Qc7+ {[%clk 0:00:18]} 38. Kxg2
{[%clk 0:00:33]} f6 {[%clk 0:00:14]} 39. Qxd7 {[%clk 0:00:29]} h3+
{[%clk 0:00:12]} 40. Kxh3 {[%clk 0:00:34]} 1-0

[Event "Rapid 2018"]
[Site "Saint-Petersburg"]
[Date "2018.12.28"]
[Round "11"]
[Board "93"]
[White "Lintchevski Daniil (RUS)"]
[Black "Vorotnikov Vladislav V (RUS)"]
[Result "1-0"]
[BlackElo "2267"]
[WhiteElo "2603"]
[LiveChessVersion "1.4.8"]

1. Nf3 {[%clk 0:15:17]} d6 {[%clk 0:12:51]} 2. d4 {[%clk 0:15:15]} Bg4
{[%clk 0:12:48]} 3. g3 {[%clk 0:15:17]} Bxf3 {[%clk 0:12:48]} 4. exf3
{[%clk 0:15:24]} d5 {[%clk 0:12:51]} 5. Bd3 {[%clk 0:14:19]} e6 {[%clk 0:12:45]}
6. O-O {[%clk 0:14:12]} Nf6 {[%clk 0:11:59]} 7. Nd2 {[%clk 0:14:18]} Nbd7
{[%clk 0:11:08]} 8. f4 {[%clk 0:14:07]} g6 {[%clk 0:11:14]} 9. Nf3
{[%clk 0:14:13]} Bg7 {[%clk 0:10:58]} 10. c3 {[%clk 0:14:08]} c5 {[%clk 0:10:39]}
11. Be3 {[%clk 0:13:11]} cxd4 {[%clk 0:10:08]} 12. Bxd4 {[%clk 0:13:17]} O-O
{[%clk 0:10:06]} 13. Ne5 {[%clk 0:13:16]} Ne8 {[%clk 0:08:55]} 14. Qe2
{[%clk 0:12:39]} Nd6 {[%clk 0:08:47]} 15. Rad1 {[%clk 0:12:11]} Qc7
{[%clk 0:07:07]} 16. h4 {[%clk 0:12:11]} Nxe5 {[%clk 0:05:58]} 17. fxe5
{[%clk 0:12:13]} Nf5 {[%clk 0:05:39]} 18. Bxf5 {[%clk 0:11:16]} gxf5
{[%clk 0:05:30]} 19. Kh1 {[%clk 0:10:54]} Kh8 {[%clk 0:04:33]} 20. f3
{[%clk 0:10:30]} Rae8 {[%clk 0:03:01]} 21. g4 {[%clk 0:10:33]} f4
{[%clk 0:02:42]} 22. g5 {[%clk 0:10:28]} Qc4 {[%clk 0:01:35]} 23. Qxc4
{[%clk 0:10:33]} dxc4 {[%clk 0:01:44]} 24. Bc5 {[%clk 0:10:38]} Rg8
{[%clk 0:01:48]} 25. Rd7 {[%clk 0:10:45]} Bxe5 {[%clk 0:01:34]} 26. Re1
{[%clk 0:09:42]} f6 {[%clk 0:01:35]} 27. Rxe5 {[%clk 0:08:12]} fxe5
{[%clk 0:01:44]} 28. Bd6 {[%clk 0:08:20]} Rg6 {[%clk 0:01:53]} 29. Bxe5+ Kg8 30.
Bf6 {[%clk 0:08:05]} Rf8 {[%clk 0:00:57]} 31. Rxb7 {[%clk 0:06:19]} Rfxf6
{[%clk 0:01:06]} 32. gxf6 {[%clk 0:06:27]} Rxf6 {[%clk 0:01:16]} 33. Rxa7
{[%clk 0:05:49]} e5 {[%clk 0:01:25]} 34. Re7 {[%clk 0:05:10]} Rb6
{[%clk 0:01:10]} 35. Rxe5 {[%clk 0:05:17]} Rxb2 {[%clk 0:01:18]} 36. Re4
{[%clk 0:05:26]} Rxa2 {[%clk 0:01:13]} 37. Rxf4 {[%clk 0:05:35]} Kg7
{[%clk 0:00:38]} 38. Kg1 {[%clk 0:05:22]} Kg6 {[%clk 0:00:42]} 39. Kf1
{[%clk 0:05:29]} Rc2 {[%clk 0:00:30]} 40. Rxc4 {[%clk 0:05:37]} Kf5
{[%clk 0:00:37]} 41. Ke1 {[%clk 0:05:30]} Rh2 {[%clk 0:00:27]} 42. Kd1
{[%clk 0:04:58]} Rf2 {[%clk 0:00:30]} 43. Rc7 {[%clk 0:05:04]} Kg6
{[%clk 0:00:30]} 44. Rc6+ {[%clk 0:04:55]} Kg7 {[%clk 0:00:25]} 45. Rd6
{[%clk 0:04:24]} Rxf3 {[%clk 0:00:28]} 46. Kc2 {[%clk 0:04:33]} Rh3
{[%clk 0:00:23]} 47. Rd4 {[%clk 0:04:26]} Kf6 {[%clk 0:00:32]} 48. Kb3
{[%clk 0:04:19]} Ke5 {[%clk 0:00:41]} 49. Ra4 {[%clk 0:04:28]} Rf3
{[%clk 0:00:23]} 50. Ra7 {[%clk 0:04:01]} h6 {[%clk 0:00:15]} 51. Ra6
{[%clk 0:04:09]} 1-0

[Event "Rapid 2018"]
[Site "Saint-Petersburg"]
[Date "2018.12.28"]
[Round "11"]
[Board "94"]
[White "Danielyan Vahe (ARM)"]
[Black "Sokolov Andrei (LAT)"]
[Result "0-1"]
[BlackElo "2482"]
[WhiteElo "2261"]
[LiveChessVersion "1.4.8"]

1. e4 {[%clk 0:15:19]} c5 {[%clk 0:15:17]} 2. Nf3 {[%clk 0:15:27]} g6
{[%clk 0:15:26]} 3. c3 {[%clk 0:15:01]} Bg7 {[%clk 0:15:21]} 4. d4
{[%clk 0:15:08]} cxd4 {[%clk 0:15:13]} 5. cxd4 {[%clk 0:15:14]} d5
{[%clk 0:15:18]} 6. e5 {[%clk 0:15:21]} Nc6 {[%clk 0:15:22]} 7. Nc3
{[%clk 0:15:29]} Nh6 {[%clk 0:15:15]} 8. h3 {[%clk 0:15:38]} O-O {[%clk 0:14:40]}
9. Be2 {[%clk 0:15:41]} f6 {[%clk 0:14:40]} 10. exf6 {[%clk 0:15:39]} exf6
{[%clk 0:14:14]} 11. O-O {[%clk 0:15:46]} Nf5 {[%clk 0:14:00]} 12. b3
{[%clk 0:15:50]} Be6 {[%clk 0:13:54]} 13. Re1 {[%clk 0:15:58]} Re8
{[%clk 0:13:35]} 14. Bf4 {[%clk 0:16:00]} Nd6 {[%clk 0:12:14]} 15. Bd3
{[%clk 0:15:47]} Qd7 {[%clk 0:12:17]} 16. Na4 {[%clk 0:15:51]} b6
{[%clk 0:12:12]} 17. Rc1 {[%clk 0:15:59]} Nb4 {[%clk 0:11:43]} 18. Bb1
{[%clk 0:15:57]} Bf7 {[%clk 0:11:47]} 19. Qd2 {[%clk 0:14:26]} Nc6
{[%clk 0:11:48]} 20. Rxe8+ {[%clk 0:11:21]} Rxe8 {[%clk 0:11:49]} 21. Qc3
{[%clk 0:11:27]} Rc8 {[%clk 0:11:13]} 22. Bxd6 {[%clk 0:11:33]} Qxd6
{[%clk 0:11:21]} 23. Bd3 {[%clk 0:11:35]} Ne7 {[%clk 0:10:32]} 24. Qd2
{[%clk 0:11:41]} Be6 {[%clk 0:10:24]} 25. Ba6 {[%clk 0:09:57]} Rxc1+
{[%clk 0:10:12]} 26. Qxc1 {[%clk 0:10:07]} Qc6 {[%clk 0:07:54]} 27. Qxc6
{[%clk 0:09:28]} Nxc6 {[%clk 0:08:03]} 28. Bb7 {[%clk 0:09:34]} Nb4
{[%clk 0:05:53]} 29. Nc3 {[%clk 0:09:41]} Kf7 {[%clk 0:05:59]} 30. Ne1
{[%clk 0:09:49]} Bh6 {[%clk 0:05:58]} 31. Nf3 {[%clk 0:07:32]} Bc1
{[%clk 0:05:34]} 32. a3 {[%clk 0:05:03]} Bxa3 {[%clk 0:05:19]} 33. Nb5
{[%clk 0:05:12]} Bb2 {[%clk 0:05:28]} 34. Nxa7 {[%clk 0:05:22]} Ke7
{[%clk 0:04:43]} 35. Nc6+ {[%clk 0:05:08]} Nxc6 {[%clk 0:04:51]} 36. Bxc6
{[%clk 0:05:18]} Kd6 {[%clk 0:04:53]} 37. Bb5 {[%clk 0:05:27]} Bf5
{[%clk 0:04:57]} 38. Kf1 {[%clk 0:05:34]} Bc2 {[%clk 0:05:00]} 39. Ba4
{[%clk 0:05:43]} Bd3+ {[%clk 0:05:06]} 40. Ke1 {[%clk 0:05:15]} Bc3+
{[%clk 0:05:11]} 41. Kd1 {[%clk 0:05:18]} b5 {[%clk 0:05:17]} 42. Bxb5 Bxb5
{[%clk 0:05:25]} 43. Kc2 {[%clk 0:05:36]} Bb4 {[%clk 0:05:30]} 44. g3
{[%clk 0:05:37]} Bd7 {[%clk 0:05:16]} 45. h4 {[%clk 0:05:46]} Bf5+
{[%clk 0:05:14]} 46. Kc1 {[%clk 0:05:53]} Bg4 {[%clk 0:05:12]} 47. Nh2
{[%clk 0:06:02]} Be2 {[%clk 0:05:18]} 48. h5 {[%clk 0:05:53]} gxh5
{[%clk 0:05:21]} 49. f3 {[%clk 0:05:54]} Be1 {[%clk 0:05:05]} 50. g4
{[%clk 0:06:02]} Bg3 {[%clk 0:05:01]} 51. Kd2 {[%clk 0:06:10]} Bb5
{[%clk 0:05:09]} 0-1

[Event "Rapid 2018"]
[Site "Saint-Petersburg"]
[Date "2018.12.28"]
[Round "11"]
[Board "95"]
[White "Shubin Kirill (RUS)"]
[Black "Zakhartsov Vladimir (RUS)"]
[Result "1-0"]
[BlackElo "2473"]
[WhiteElo "2242"]
[LiveChessVersion "1.4.8"]

1. e4 {[%clk 0:15:18]} c5 {[%clk 0:09:15]} 2. Nf3 {[%clk 0:15:26]} d6
{[%clk 0:09:19]} 3. d4 {[%clk 0:15:34]} Nf6 {[%clk 0:09:28]} 4. Nc3
{[%clk 0:15:41]} cxd4 {[%clk 0:09:37]} 5. Nxd4 {[%clk 0:15:50]} a6
{[%clk 0:09:45]} 6. Be3 {[%clk 0:15:58]} e6 {[%clk 0:09:36]} 7. g4
{[%clk 0:16:02]} b5 {[%clk 0:09:39]} 8. Bg2 {[%clk 0:12:24]} Bb7 {[%clk 0:09:44]}
9. a3 {[%clk 0:12:21]} Nfd7 {[%clk 0:09:30]} 10. g5 {[%clk 0:11:13]} Nb6
{[%clk 0:09:33]} 11. h4 {[%clk 0:10:18]} Be7 {[%clk 0:09:22]} 12. Qg4
{[%clk 0:08:31]} Nc4 {[%clk 0:09:15]} 13. Bc1 {[%clk 0:08:16]} Qb6
{[%clk 0:09:00]} 14. Nde2 {[%clk 0:08:14]} Nd7 {[%clk 0:09:01]} 15. h5
{[%clk 0:08:01]} Rf8 {[%clk 0:06:51]} 16. b3 {[%clk 0:07:50]} Nce5
{[%clk 0:06:55]} 17. Qg3 {[%clk 0:07:37]} Rc8 {[%clk 0:07:04]} 18. f4
{[%clk 0:07:03]} Nc6 {[%clk 0:07:13]} 19. Be3 {[%clk 0:07:11]} Qa5
{[%clk 0:07:04]} 20. O-O {[%clk 0:07:09]} g6 {[%clk 0:06:57]} 21. f5
{[%clk 0:06:39]} Nce5 {[%clk 0:07:00]} 22. b4 {[%clk 0:05:55]} Qc7
{[%clk 0:07:06]} 23. fxe6 {[%clk 0:05:30]} fxe6 {[%clk 0:07:15]} 24. Bh3
{[%clk 0:05:34]} Qc4 {[%clk 0:07:16]} 25. Bd4 {[%clk 0:05:02]} Rg8
{[%clk 0:06:40]} 26. h6 {[%clk 0:04:57]} Nf7 {[%clk 0:05:50]} 27. Be3
{[%clk 0:04:14]} Nfe5 {[%clk 0:04:30]} 28. Rf2 {[%clk 0:03:48]} Rf8
{[%clk 0:04:14]} 29. Raf1 {[%clk 0:03:45]} Rxf2 {[%clk 0:04:08]} 30. Rxf2
{[%clk 0:03:39]} Bxe4 {[%clk 0:02:59]} 31. Rf4 {[%clk 0:03:14]} Nf3+
{[%clk 0:03:03]} 32. Rxf3 {[%clk 0:03:16]} Bxf3 {[%clk 0:03:12]} 33. Qxf3
{[%clk 0:03:25]} Ne5 {[%clk 0:03:13]} 34. Qg2 {[%clk 0:02:43]} Nf7
{[%clk 0:02:04]} 35. Ne4 {[%clk 0:02:16]} Qxc2 {[%clk 0:01:22]} 36. Bxe6
{[%clk 0:02:06]} Qd1+ {[%clk 0:01:18]} 37. Qf1 {[%clk 0:01:28]} Qxf1+
{[%clk 0:01:27]} 38. Kxf1 {[%clk 0:01:36]} Rc2 {[%clk 0:01:35]} 39. Bxf7+
{[%clk 0:01:24]} Kxf7 {[%clk 0:01:41]} 40. N4c3 {[%clk 0:01:25]} d5
{[%clk 0:00:45]} 41. Nxd5 {[%clk 0:00:58]} Bd6 {[%clk 0:00:42]} 42. Nf6
{[%clk 0:00:46]} Ra2 {[%clk 0:00:43]} 43. Nxh7 {[%clk 0:00:21]} Rxa3
{[%clk 0:00:50]} 44. Kf2 {[%clk 0:00:27]} Bxb4 {[%clk 0:00:36]} 45. Bd4
{[%clk 0:00:21]} Rh3 {[%clk 0:00:29]} 46. Nf6 {[%clk 0:00:28]} Bf8
{[%clk 0:00:26]} 47. Ng4 {[%clk 0:00:23]} Rh5 {[%clk 0:00:20]} 48. Bf6
{[%clk 0:00:15]} Kg8 {[%clk 0:00:15]} 49. Nf4 {[%clk 0:00:19]} Rh1
{[%clk 0:00:14]} 50. Nxg6 {[%clk 0:00:23]} Bc5+ {[%clk 0:00:21]} 51. Ke2
{[%clk 0:00:25]} Rg1 {[%clk 0:00:15]} 52. N6e5 {[%clk 0:00:33]} Rh1
{[%clk 0:00:11]} 53. g6 {[%clk 0:00:24]} Bf8 {[%clk 0:00:20]} 54. h7+
{[%clk 0:00:16]} Rxh7 {[%clk 0:00:28]} 55. gxh7+ {[%clk 0:00:25]} Kxh7
{[%clk 0:00:37]} 56. Bd8 {[%clk 0:00:24]} Bb4 {[%clk 0:00:27]} 57. Kd3
{[%clk 0:00:21]} Kg8 {[%clk 0:00:16]} 58. Kd4 {[%clk 0:00:17]} Kf8
{[%clk 0:00:19]} 59. Kd5 {[%clk 0:00:19]} Ke8 {[%clk 0:00:28]} 60. Bb6
{[%clk 0:00:25]} a5 {[%clk 0:00:33]} 61. Nc6 {[%clk 0:00:29]} Be1
{[%clk 0:00:38]} 62. Nxa5 {[%clk 0:00:36]} Kf7 {[%clk 0:00:43]} 63. Nb3
{[%clk 0:00:37]} b4 {[%clk 0:00:47]} 64. Ne5+ {[%clk 0:00:43]} Kg7
{[%clk 0:00:54]} 65. Nd3 {[%clk 0:00:43]} Bc3 {[%clk 0:01:01]} 66. Bc5
{[%clk 0:00:48]} Kf6 {[%clk 0:00:50]} 67. Nxb4 {[%clk 0:00:56]} Bxb4
{[%clk 0:00:31]} 68. Bxb4 {[%clk 0:01:05]} Kf5 {[%clk 0:00:39]} 69. Bd2
{[%clk 0:01:08]} Kg4 {[%clk 0:00:39]} 70. Nd4 {[%clk 0:01:15]} Kg3
{[%clk 0:00:48]} 71. Ke4 {[%clk 0:01:21]} Kf2 {[%clk 0:00:52]} 72. Kf4
{[%clk 0:01:00]} Kg2 {[%clk 0:00:57]} 73. Nf5 {[%clk 0:01:08]} Kf2
{[%clk 0:01:01]} 74. Ng3 {[%clk 0:01:10]} Kg2 {[%clk 0:01:09]} 75. Ne4
{[%clk 0:01:08]} Kf1 {[%clk 0:01:01]} 76. Kf3 {[%clk 0:01:16]} Kg1
{[%clk 0:01:09]} 77. Nf2 {[%clk 0:01:08]} Kh2 {[%clk 0:01:16]} 78. Bf4+
{[%clk 0:01:17]} Kg1 {[%clk 0:01:24]} 79. Be5 {[%clk 0:01:18]} Kf1
{[%clk 0:01:31]} 80. Bh2 {[%clk 0:01:26]} Ke1 {[%clk 0:01:40]} 81. Ne4
{[%clk 0:01:34]} Kd1 {[%clk 0:01:47]} 82. Ke3 {[%clk 0:01:42]} Kc2
{[%clk 0:01:55]} 83. Nd2 {[%clk 0:01:51]} Kc3 {[%clk 0:02:02]} 84. Bd6
{[%clk 0:01:59]} Kc2 {[%clk 0:02:08]} 85. Be5 {[%clk 0:02:07]} Kd1
{[%clk 0:02:14]} 86. Kd3 {[%clk 0:02:08]} Ke1 {[%clk 0:02:20]} 87. Bg3+
{[%clk 0:02:16]} Kd1 {[%clk 0:02:29]} 88. Bf2 {[%clk 0:02:17]} Kc1
{[%clk 0:02:38]} 89. Nc4 {[%clk 0:02:25]} Kd1 {[%clk 0:02:43]} 90. Nb2+
{[%clk 0:02:25]} Kc1 {[%clk 0:02:52]} 91. Kc3 {[%clk 0:02:34]} 1-0